000 00941caa a22002417a 4500
999 _c420155
_d420155
001 131738
003 UA-OsUOA
005 20200127111438.0
007 ta
008 20180614b un ||||| |||| 00| 0 ukr d
040 _aUA-OsUOA
_bukr
_cUA-OsUOA
_dUA-OsUOA
041 _aukr
080 _a908
090 _a908
_bВ54
100 _aВихованець Т.
245 _aІнвентар Острога та частини Острожчини від 1708 року як джерело з історичної топографії міста
_cТ. Вихованець
300 _aС. 28–33
650 7 _a908 Краєзнавство
_2UDC
773 0 _0405126
_9419453
_dНетішин МКМ 2004
_o152232
_tВісник Нетішинського краєзнавчого музею
_w(UA-OsUOA) 119218
_z966-02-2352-8
942 _cBKA
_2udc
955 _a1